[Event "Campionato europeo 2007"]
[Site "Dresda GER"]
[Date "2007.04.11"]
[Round "8.10"]
[White "Cheparinov, Ivan"]
[Black "Iordachescu, Viorel"]
[Result "1/2-1/2"]
[WhiteElo "2646"]
[BlackElo "2587"]
[PlyCount "107"]
[EventDate "2007.04.03"]
[Source "www.chesslib.no"]
[SourceDate "2004.05.04"]

1. e4 c6 2. d4 d5 3. Nd2 dxe4 4. Nxe4 Bf5 5. Ng3 Bg6 6. h4 h6 7. Nf3 Nd7 8. h5 Bh7 9. Bd3 Bxd3 10. Qxd3 e6 11. Bf4 Qa5+ 12. Bd2 Bb4 13. c3 Be7 14. c4 Qc7 15. O-O-O Ngf6 16. Rhe1 b5 17. Kb1 O-O 18. Rc1 bxc4 19. Qxc4 Rac8 20. Nf5 Bd8 21. Ne3 Qb7 22. Qd3 c5 23. Nc4 cxd4 24. Qxd4 Be7 25. Nd6 Bxd6 26. Qxd6 Ne4 27. Qd4 Ndc5 28. Ba5 Qa6 29. Bc3 Nxc3+ 30. Rxc3 Rfd8 31. Qc4 Qb7 32. Rec1 Rb8 33. b3 Ne4 34. R3c2 a5 35. Ka1 Nf6 36. Ne5 Nd5 37. Nc6 Nb4 38. Nxb8 Nxc2+ 39. Rxc2 Rxb8 40. Qf4 Rf8 41. g4 Qd5 42. Qc4 Qe5+ 43. Qc3 Qxc3+ 44. Rxc3 f5 45. f3 e5 46. gxf5 Rxf5 47. Rc5 Rxh5 48. Rxa5 Kf7 49. b4 Ke6 50. Ra6+ Kd5 51. b5 Rf5 52. Rg6 Rxf3 53. Rxg7 Kc5 54. Re7 1/2-1/2